00422nam a2200145Ia 4500003000400000005001700004008004100021040000900062082001700071100001800088245004100106260005200147300000900199650006800208OSt20201102104427.0190216s9999||||xx |||||||||||||| ||und|| coclc a823.1bSPE/W aSpencer, John 0aWorkers For Humanity /cJohn Spencer bGeorg G Harrap And Co Limited,c1962.aLondon: a128p aEnglish Stories-English Stories-English Stories-English Stories